謎解きチャレンジ#6 - Statistics

General Stats
  • This quiz has been taken 7 times
  • The average score is 2 of 6
Answer Stats
Picture Answer % Correct
せたけ
100%
EXIT
43%
しいたけ
29%
PENCIL
29%
くつずれ
14%
てんとうむし
0%
No matching quizzes found
Score Distribution
Percent of People with Each Score
Percentile by Number Answered
Your Score History
You have not taken this quiz